Zwycięzcy mistrzostw świata w koszykówce - Statystyki

Ogólne statystyki
  • Ten quiz został rozwiązany 82 razy
  • Średni wynik to 6 z 7
Statystyki odpowiedzi
Rok Zwycięzca Gospodarz % Poprawnych
1954 Stany Zjednoczone Brazylia
100%
2023 Niemcy Filipiny
89%
2006 Hiszpania Japonia
88%
1950 Argentyna Argentyna
82%
1959 Brazylia Chile
76%
1967 ZSRR Urugwaj
70%
1970 Jugosławia Jugosławia
63%
Nie znaleziono quizów pasujących do podanych kryteriów
Rozkład punktacji
Procent ludzi z każdym wynikiem
Percentyl według liczby udzielonych odpowiedzi
Twoja historia wyników
Nie rozwiązałeś tego quizu